Present approaches of enterprises to offer within the customer-supplier relationship in the slovak industrial market

Výsledky prieskumu v priemyselných podnikoch na Slovensku so zameraním na súčasné prístupy k ponuke a ich prispôsobenie sa očakávaniam zákazníkov. Overovanie hypotéz.

Uložené v:
Podrobná bibliografia
Hlavný autor: Kita, Jaroslav
Ďalší autori: Kita, Pavol, Grossmanová, Marta
Médium: Kapitola
Jazyk:Slovak
Predmet:
Tagy: Pridať tag
Žiadne tagy, Buďte prvý, kto otaguje tento záznam!

MARC

LEADER 00000naa a2200000 4500
001 0120121
005 20240530083708.1
041 0 |a slo 
044 |a SK 
245 1 0 |a Present approaches of enterprises to offer within the customer-supplier relationship in the slovak industrial market  |c Jaroslav Kita, Pavol Kita 
520 |a Výsledky prieskumu v priemyselných podnikoch na Slovensku so zameraním na súčasné prístupy k ponuke a ich prispôsobenie sa očakávaniam zákazníkov. Overovanie hypotéz. 
610 2 0 |a podnik priemyselný 
610 2 0 |a ponuka 
610 2 0 |a prieskum podnikateľský 
610 2 0 |a vzťahy dodávateľsko-odberateľské 
610 2 0 |a zákazníci 
610 2 0 |a konkurencieschopnosť 
610 2 0 |a trh tovarový 
100 1 |a Kita, Jaroslav 
700 1 |a Kita, Pavol 
700 1 |a Grossmanová, Marta